Norwich City Managers 2000–Present Day - Statistics

General Stats
  • This quiz has been taken 16 times
    4 since last reset
  • The average score is 16 of 21
Answer Stats
Answer % Correct
Alex Neil
100%
Chris Hughton
100%
Daniel Farke
100%
David Wagner
100%
Dean Smith
100%
Jack Wilshere
100%
Johannes Hoff Thorup
100%
Liam Manning
100%
Paul Lambert
100%
Philippe Clement
100%
Bryan Gunn
67%
Bryan Hamilton
67%
Glenn Roeder
67%
Neil Adams
67%
Nigel Worthington
67%
Peter Grant
67%
Alan Irvine
33%
Bruce Rioch
33%
Ian Butterworth
33%
Jim Duffy
33%
Martin Hunter
33%
No matching quizzes found
Score Distribution
Percent of People with Each Score
Percentile by Number Answered
Your Score History
You have not taken this quiz since the last reset